000 00679nam a2200181Ia 4500
008 100920s9999 xx 000 0 und d
082 _b73307
_a891.43 थ 99
100 _aकदम जयप्रकाश.
245 _aबौध्द धर्म के आधार - स्तम्भ.
260 _bअतिश प्रकाशन, दिल्ली.
_c1999
300 _a127
_bसाधी
365 _b120
520 _aहिंदी.
630 _aबौध्द धर्म के आधार - स्तम्भ.
650 _aहिंदी.
730 _aबौध्द धर्म के आधार - स्तम्भ.
942 _cBOOK
999 _c714986
_d714983